| 000 | 01321nam a2200385 i 4500 | ||
|---|---|---|---|
| 001 | 46058 | ||
| 003 | KOSZ 005 | ||
| 005 | 20211203135804.0 | ||
| 008 | 040630s2004 pl a f f |000 0 pol | ||
| 015 | _aPB 2004/13005 | ||
| 020 | _a8370857906 | ||
| 040 |
_aWA N _cWA N _dKOSZ 005/HR |
||
| 041 | 0 | _apol | |
| 046 | _k2004 | ||
| 080 | _a004.652.4 | ||
| 080 | _a004.42 | ||
| 080 | _a004.438 | ||
| 080 | _a(075.8) | ||
| 100 | 1 |
_aPoźniak-Koszałka, Iwona _eAutor |
|
| 245 | 1 | 0 |
_aRelacyjne bazy danych w środowisku Sybase : _bmodelowanie, projektowanie, aplikacje / _cIwona Poźniak-Koszałka. |
| 260 |
_aWrocław : _bOficyna Wydawnicza Politechniki Wrocławskiej, _c2004. |
||
| 300 |
_a238, [1] s. : _brys., tab. ; _c24 cm. |
||
| 380 | _aKsiążki | ||
| 388 | _a2001- | ||
| 504 | _aBibliogr. s. [239]. | ||
| 650 | 4 | _aPowerBuilder | |
| 650 | 4 | _aSQL (język zapytań) | |
| 650 | 4 | _aZintegrowane środowiska programistyczne | |
| 650 | 4 | _aBaza danych relacyjna | |
| 655 | 4 | _aPodręczniki akademickie | |
| 658 | _aInformatyka i technologie informacyjne | ||
| 710 | 2 |
_aOficyna Wydawnicza Politechniki Wrocławskiej _4pbl. |
|
| 856 |
_uhttp://koha.tu.koszalin.pl/cgi-bin/koha/opac-detail.pl?biblionumber=46058 _yKatalog online BPK |
||
| 942 |
_2UKD _cKS |
||
| 999 |
_c46058 _d46058 |
||